Pokémon - Les attaques de Blancoton - Statistiques

Statistiques générales
  • Ce quiz a été pris 21 fois
  • Le résultat moyen est 9 sur 13
Statistiques - réponses
Niveaux Types Noms des attaques % Correct
Niveau 28 Plante Synthèse
100%
Niveau 46 Plante Tempête Verte
100%
Départ Évolution Plante Spore Coton
90%
Niveau 40 Plante Aromathérapie
80%
Niveau 52 Plante Cotogarde
80%
Départ Normal Doux Parfum
80%
Niveau 12 Plante Tranch'Herbe
80%
Départ Plante Feuillage
70%
Départ Normal Berceuse
60%
Niveau 16 Normal Chant Canon
50%
Niveau 23 Plante Phytomixeur
50%
Niveau 34 Normal Mégaphone
20%
Départ Normal Tour Rapide
10%
Aucun quiz correspondant
Distribution des résultats
% des personnes avec chaque résultat
Percentile par nombre de réponses
Votre historique - résultats
Vous n’avez pas pris ce quiz